| 000 | 01436nam a2200313 i 4500 | ||
|---|---|---|---|
| 001 | 161026 | ||
| 003 | ES-MaACL | ||
| 005 | 20250902063112.0 | ||
| 008 | 931025q1880 sp afp |||| | spa d | ||
| 100 | 1 |
_aOpisso, Alfredo, _d1847-1924 _987123 |
|
| 245 | 1 | 3 |
_aLa leyenda de las plantas _b: mitos, tradiciones, creencias y teorías relativos a los vegetales / _cCarlos Mendoza ; obra adornada con preciosos cromotipograbados, copia de acuarelas del... artista Luis Labarta, y profusión de grabados... |
| 260 |
_aBarcelona : _bRamón Molinas, _c[1880?] |
||
| 300 |
_a411 p., [10] h. de lám. : _bil., grab. ; _c25 cm. |
||
| 490 | 1 | _aBiblioteca de la Ilustración Ibérica | |
| 510 | 4 |
_aPalau, _c201757 |
|
| 530 | _aDisponible en formato digital. | ||
| 593 | _aSegún Palau, Carlos Mendoza es seud. de Alfredo Opisso y Viñas. | ||
| 596 | _aPalau lo supone impreso en 1889. | ||
| 599 | _aGrab. calc. intercalados en el texto. | ||
| 599 | _aLas h. de lám. son cromotipograbados. | ||
| 650 | 4 |
_aPlantas- _xMitología. _9148947 |
|
| 650 | 0 | 4 |
_aPlantas- _xFolklore. _916114 |
| 700 | 1 |
_aLabarta, Luis. _969217 |
|
| 700 | 1 |
_aMolinas, Ramón. _9130031 |
|
| 830 | 0 |
_aBiblioteca de la Ilustración Ibérica _9187640 |
|
| 852 |
_aES-MaACL _jG-14989 _z- Enc. ed. en tela grab. |
||
| 856 |
_uhttp://bvpb.mcu.es/es/consulta/registro.do?id=449794 _zBiblioteca Virtual del Patrimonio Bibliográfico |
||
| 999 |
_c161026 _d161026 |
||